| 000 | 01214nam a2200265 i 4500 | ||
|---|---|---|---|
| 001 | 000039131 | ||
| 003 | DO-SdBNP | ||
| 005 | 20240229073938.0 | ||
| 006 | a||||gr|||| 00| 0 | ||
| 007 | ta | ||
| 008 | 130527e1953 dr ac 000 p spa d | ||
| 040 |
_aDO-SdBNP _bspa _cBNPHU _erda |
||
| 082 | 4 |
_a923.17293 _bT866s _222 |
|
| 100 | 1 |
_aSuarez Vásquez, R. _930540 _eautor |
|
| 245 | 1 | 0 |
_aAnecdotario épico del generalísimo Trujillo / _cR. Suarez Vásquez. |
| 264 |
_aCiudad Trujillo : _bImpresora Dominicana, C. POR A. _c1953 |
||
| 300 |
_a70 páginas : _bIlustraciones, retratos ; _c21 cm. |
||
| 336 |
_2rdacontent _atexto _btxt |
||
| 337 |
_2rdamedia _asin mediación _bn |
||
| 338 |
_2rdacarrier _avolumen _bnc |
||
| 505 |
_aLiminar. _tDedicatoria.-- _tPro Patria.-- _tTrujillo frente a una agresión.-- _tEl soldado del orden.-- _tCaptura del general Manchao.-- _tLa derrota del bendito Ramón Natera.-- _tTrujillo ante una emboscada.-- _tLa captura sensacional de Bon Abreu.-- _tTrujillo solo ante el peligro.-- _tLa patrulla que estuvo a punto de matarlo.-- _tA la Paz de Trujillo.-- |
||
| 590 | _aInventariado, 2023 / MF | ||
| 600 | 1 | 0 |
_aTrujillo Molina, Rafael Leónidas, _d 1891-1961 _xPoesías _976764 |
| 942 |
_2ddc _cLBS1 |
||
| 999 |
_c38621 _d38621 |
||